| 000 | 01025nam a2200289Ia 4500 | ||
|---|---|---|---|
| 008 | 130821s1992 ck gr spa | ||
| 020 | _a9586550907 | ||
| 040 |
_aCo-BoUCM _bspa |
||
| 041 | _aspa | ||
| 100 | 1 |
_aMonsalve, Alfonso _9155029 |
|
| 245 | 1 | 3 |
_aLa teoría de la argumentación un trabajo sobre el pensamiento de Chaim Perelman y Lucie Olbrechts-Tyteca _cAlfonso Monsalve |
| 260 |
_aMedellín (Antioquia, Colombia) _bUniversidad de Antioquia _c1992 |
||
| 300 | _a327 páginas | ||
| 490 | _aOtra parte. Colección de Ensayo | ||
| 504 | _aIncluye índice y bibliografía | ||
| 600 |
_aOlbrechts-Tyteca, Lucie _92487 |
||
| 600 |
_aPerelman, Chaim _d1912- _974212 |
||
| 650 | 0 | 4 |
_aArgumentación jurídica _99342 |
| 650 | 0 | 4 |
_aDialéctica _913168 |
| 650 | 0 | 4 |
_aFilosofía del derecho _915792 |
| 650 | 0 | 4 |
_aFilosofía _975 |
| 650 | 0 | 4 |
_aLógica (Filosofía) _918791 |
| 650 | 0 | 4 |
_aLógica _918789 |
| 650 | 0 | 4 |
_aRazonamiento _923103 |
| 942 |
_cLIBRO _2DEWEY _a2 _e1 _h168 _mM65 |
||
| 999 |
_c2964 _d2964 |
||